LIBRARY & INFORMATION CENTRE, KCAET, TAVANUR

ONLINE PUBLIC ACCESS CATALOGUE (OPAC)

Nadiyethedi / (Record no. 4105)

MARC details
000 -LEADER
fixed length control field 00442cam a2200181ua 4500
041 ## - LANGUAGE CODE
Language code of text/sound track or separate title mal
082 ## - DEWEY DECIMAL CLASSIFICATION NUMBER
Classification number 894.812 308
Item number MAD/NA
100 ## - MAIN ENTRY--AUTHOR NAME
Personal name Madhavan Nair, Evoor .
245 ## - TITLE STATEMENT
Title Nadiyethedi /
250 ## - EDITION STATEMENT
Edition statement 1 /
260 ## - PUBLICATION, DISTRIBUTION, ETC. (IMPRINT)
Place of publication Tiruvalla :
Name of publisher Southern book stall.
300 ## - PHYSICAL DESCRIPTION
Number of Pages 215 ; .
942 ## - ADDED ENTRY ELEMENTS (KOHA)
Koha item type Books
Holdings
Withdrawn status Lost status Damaged status Home library Current library Date acquired Full call number Accession Number Koha item type Public note
Withdrawn     KAUAET Malayalam University 07/04/2012 894.812 308 8736 Books Transferred to Malayalam University
free website counter